000 00762cam a2200229 4500
001 ABS61965
008 000000n2000 000 0 eng u
035 _a(Sirsi) u104641
100 _aShea, C.
245 _aTermination or surrender
260 _c2000
490 _aProperty Week
_v65(9) 3 March 2000 98-99(2)
520 _aExplains a recent House of Lords decision in "Barrett v Morgan" which clarified an important difference between a surrender of a tenancy and determination of a tenancy by notice to quit.
590 _aABS
650 _aSUB-TENANCY
650 _aFREEHOLD
650 _aVACANT POSSESSION
650 _aSURRENDER OF TENANCY
650 _aNOTICE TO QUIT
690 _aLANDLORD AND TENANT-AGRICULTURAL TENANCIES
942 _n0
999 _c62783
_d62783